000 01328aam a2200397 4500
005 20251120144706.0
008 150423b2005 xxu||||| |||| 00| 0 spa d
020 _a9702605997
041 _aESP
082 _a658.562 AL374m
100 _aAlexander Servat, Alberto
_923145
245 _aCalidad: metodología para documentar el ISO 9000 versión 2000
260 _aMéxico
260 _bPearson
260 _c2005
300 _a188 páginas
490 _aDirección y Administración de Empresas
650 _aCONTROL DE CALIDAD
650 _aSISTEMA DE GESTIÓN DE LA CALIDAD
650 _aFAMILIA ISO 9000
650 _aDOCUMENTACIÓN PARA LA CALIDAD
650 _aPARÁMETROS PARA LA ELABORACIÓN DE LA DOCUMENTACIÓN
650 _aPOLÍTICA DE CALIDAD
650 _aMANEJO DEL PRODUCTO NO CONFORME
650 _aREDACCIÓN DE PROCEDIMIENTOS
650 _aORGANIZACIÓN ESTRATÉGICA
650 _aESTRATEGIA PARA DOCUMENTAR PROCEDIMIENTOS
650 _aMETODOLOGÍA DE TRECE PASO PARA DOCUMENTAR PROCEDIMIENTOS
650 _aLINEAMIENTOS PARA EL DESARROLLO DE MANUALES DE CALIDAD ISO10013
650 _aNORMA ISO 9001:2000
650 _aNORMA ISO 14001: 1996
650 _aSISTEMA DE CALIDAD
650 _aPROYECTO DE DOCUMENTACIÓN
650 _aPROCEDIMIENTOS
942 _cBK
_2ddc
999 _c4977
_d4977